000 01031nam a2200241Ia 4500
003 Ost
005 20260507075411.0
008 260507s9999||||xx |||||||||||||| ||und||
020 _a7056438977
040 _cfsecg
041 _aara
082 _a330
100 _aالبديوي، منصور
_eمؤلف
245 0 _aفي نظم قياس التكلفة /
_c منصور البديوي
260 _aالإسكندرية:
_bالمكتب الجامعي الحديث,
_c2010
300 _a399 صفحة؛
_bإيضاحات ؛
_c25 سم
520 _aيضم نظام تكاليف المراحل، تخصيص التكلفة المشتركة للمنتجات المتصلة، نظام تكاليف العمليات، نظام تكاليف العقود، نظام تكاليف المراحل على أساس معياري
653 _aالتكاليف
653 _aالتكاليف المعيارية
653 _aالتكاليف، مقاييس
700 _aالجمال، رشيد
_eمؤلف ثانوي
942 _cكتاب
999 _c44403
_d44403